MARC

LEADER 00000nam0a2200000 4500
001 367745
005 20231102012020.0
035 |a (RuTPU)RU\TPU\retro\25108 
090 |a 367745 
100 |a 20220321d1980 km y0rusy50 ca 
101 0 |a rus 
102 |a RU 
105 |a a z 001zy 
200 1 |a Физико-газодинамические баллистические исследования  |f Академия наук СССР, Физико-технический институт им. А. Ф. Иоффе ; под ред. Г. И. Мишина 
210 |a Ленинград  |c Наука  |d 1980 
215 |a 237 с.  |c ил. 
320 |a Библиогр. в конце ст. 
606 1 |a Газовая динамика  |2 stltpush  |3 (RuTPU)RU\TPU\subj\77944  |9 87782 
610 1 |a физические исследования 
610 1 |a баллистические исследования 
610 1 |a баллистические установки 
610 1 |a обтекание 
610 1 |a аэродинамические характеристики 
610 1 |a течения 
610 1 |a дальние следы 
610 1 |a гиперзвуковые скорости 
675 |a 533.6  |v 4 
702 1 |a Мишин  |b Г. И.  |4 340 
712 0 2 |a Академия наук СССР  |b Физико-технический институт им. А. Ф. Иоффе  |c (Ленинград)  |c (19??-1991)  |2 stltpush  |3 (RuTPU)RU\TPU\col\12056  |9 25332 
801 1 |a RU  |b 63413507  |c 20220321 
801 2 |a RU  |b 63413507  |c 20220321  |g RCR 
942 |c BK